[Event "Online Olym Div2 C"]
[Site "Chess.com INT"]
[Date "2021.09.04"]
[Round "8.4"]
[White "Frisk, Ellinor"]
[Black "Makwena, Christine"]
[Result "1/2-1/2"]
[WhiteElo "2176"]
[BlackElo "1614"]
[PlyCount "96"]
[EventDate "2021.09.02"]
[EventType "team (rapid)"]
[EventRounds "9"]
[EventCountry "USA"]
[SourceTitle "CBM 204 Extra"]
[Source "ChessBase"]
[SourceDate "2021.11.30"]
[SourceVersion "1"]
[SourceVersionDate "2021.11.30"]
[SourceQuality "1"]
[WhiteTeam "Sweden"]
[BlackTeam "Zimbabwe"]
[WhiteTeamCountry "SWE"]
[BlackTeamCountry "ZIM"]

1. Nf3 Nf6 2. c4 g6 3. g3 Bg7 4. Bg2 d6 5. 0-0 0-0 6. Nc3 c6 7. d3 Bg4 8. Rb1 Nbd7 9. b4 e5 10. Qb3 Rb8 11. a4 Bxf3 12. Bxf3 Qc7 13. Ba3 Rfe8 14. b5 c5 15. Bc1 h6 16. Bd2 Nf8 17. Nd5 Nxd5 18. Bxd5 b6 19. Bc3 Ne6 20. Bxe6 Rxe6 21. e4 Re7 22. Ra1 Qd7 23. a5 Qg4 24. Qd1 Qxd1 25. Rfxd1 Reb7 26. axb6 axb6 27. Rd2 Kh7 28. Rda2 Kg8 29. Ra7 Kf8 30. Kf1 Ke7 31. Ke2 Ke6 32. Rxb7 Rxb7 33. Ra8 f6 34. f3 Ke7 35. Bd2 g5 36. f4 Kf7 37. Kf3 Bf8 38. Kg4 Bg7 39. Kf5 Bf8 40. fxg5 fxg5 41. h4 gxh4 42. gxh4 Bg7 43. h5 Bf8 44. Be3 Bg7 45. Bf2 Bf6 46. Be3 Bg7 47. Rd8 Ke7 48. Ra8 Kf7 1/2-1/2

[Event "Online Olym Div2 C"]
[Site "Chess.com INT"]
[Date "2021.09.03"]
[Round "4.5"]
[White "Machlik, Monika"]
[Black "Makwena, Christine"]
[Result "1-0"]
[WhiteElo "2096"]
[BlackElo "1614"]
[PlyCount "97"]
[EventDate "2021.09.02"]
[EventType "team (rapid)"]
[EventRounds "9"]
[EventCountry "USA"]
[SourceTitle "CBM 204 Extra"]
[Source "ChessBase"]
[SourceDate "2021.11.30"]
[SourceVersion "1"]
[SourceVersionDate "2021.11.30"]
[SourceQuality "1"]
[WhiteTeam "Norway"]
[BlackTeam "Zimbabwe"]
[WhiteTeamCountry "NOR"]
[BlackTeamCountry "ZIM"]

1. d4 c5 2. d5 e6 3. c4 exd5 4. cxd5 d6 5. Nc3 a6 6. e4 b5 7. Nf3 Bg4 8. h3 Bxf3 9. Qxf3 g6 10. Bd3 Bg7 11. 0-0 Nd7 12. Qe2 Ngf6 13. Bg5 0-0 14. f4 Re8 15. Qf3 Qb6 16. Kh1 c4 17. Bc2 Qc7 18. Rae1 h6 19. Bh4 Nh7 20. Bg3 Rac8 21. Re2 f6 22. Rfe1 Nhf8 23. h4 Re7 24. Rd1 Rce8 25. Ree1 Nc5 26. Bf2 Ncd7 27. Ne2 Nb8 28. Nd4 Qd7 29. h5 g5 30. Nf5 Rf7 31. Bd4 Nh7 32. g3 Qc7 33. Bf2 Nd7 34. Nd4 Nc5 35. Nf5 Nd7 36. Bd4 Nc5 37. Kh2 Nd7 38. Qf2 b4 39. Ba4 Rd8 40. Bc6 Qc8 41. Nxd6 Qc7 42. Nxf7 Kxf7 43. Rf1 Kg8 44. Rde1 Rf8 45. Rc1 c3 46. bxc3 Qd8 47. cxb4 Rf7 48. d6 a5 49. Bd5 1-0

[Event "Online Olym Div2 C"]
[Site "Chess.com INT"]
[Date "2021.09.03"]
[Round "5.1"]
[White "Norman, Kseniya"]
[Black "Makwena, Christine"]
[Result "1-0"]
[WhiteElo "1842"]
[BlackElo "1614"]
[PlyCount "47"]
[EventDate "2021.09.02"]
[EventType "team (rapid)"]
[EventRounds "9"]
[EventCountry "USA"]
[SourceTitle "CBM 204 Extra"]
[Source "ChessBase"]
[SourceDate "2021.11.30"]
[SourceVersion "1"]
[SourceVersionDate "2021.11.30"]
[SourceQuality "1"]
[WhiteTeam "Belarus"]
[BlackTeam "Zimbabwe"]
[WhiteTeamCountry "BLR"]
[BlackTeamCountry "ZIM"]

1. e4 e6 2. d3 d5 3. Nd2 Nf6 4. Ngf3 c5 5. g3 Nc6 6. Bg2 Be7 7. 0-0 0-0 8. Re1 a6 9. e5 Nd7 10. Nf1 Qc7 11. Bf4 b5 12. h4 Bb7 13. N1h2 Rfe8 14. c3 Nf8 15. Ng5 Ng6 16. Qh5 h6 17. Ng4 hxg5 18. hxg5 Nxf4 19. gxf4 Qd8 20. Re3 Bxg5 21. fxg5 Ne7 22. Nf6+ gxf6 23. gxf6 Nf5 24. Rg3+ 1-0

[Event "Africa-ch (Women)"]
[Site "Lilongwe"]
[Date "2021.05.21"]
[Round "4"]
[White "Makwena, Christine"]
[Black "Staal, Michaela Francis"]
[Result "1/2-1/2"]
[WhiteElo "1638"]
[BlackElo "1356"]
[PlyCount "117"]
[EventDate "2021.05.18"]
[EventType "swiss"]
[EventRounds "9"]
[EventCountry "MWI"]
[SourceTitle "EXT 2022"]
[Source "ChessBase"]
[SourceDate "2021.10.06"]
[SourceVersion "1"]
[SourceVersionDate "2021.10.06"]
[SourceQuality "1"]

1. d4 Nf6 2. c4 c5 3. d5 e6 4. Nc3 exd5 5. cxd5 d6 6. e4 g6 7. Bd3 Bg7 8. Nge2 0-0 9. 0-0 Re8 10. Qc2 Nbd7 11. f4 a6 12. a4 Rb8 13. Rb1 Qc7 14. b3 c4 15. Bxc4 Nc5 16. e5 Bf5 17. Qb2 dxe5 18. fxe5 Nce4 19. Nxe4 Nxe4 20. Kh1 Bxe5 21. Bf4 Bxf4 22. Nxf4 Nc5 23. Rbc1 Qd6 24. Rcd1 Re4 25. Nd3 Nxd3 26. Bxd3 Rh4 27. g3 Qxd5+ 28. Qg2 Qxg2+ 29. Kxg2 Bh3+ 30. Kf2 Rb4 31. Rfe1 Rxb3 32. Re7 Kf8 33. Rc7 Rd8 34. Be2 Rxd1 35. Bxd1 Rb2+ 36. Ke3 Kg7 37. Bf3 Rb3+ 38. Kf2 Rb2+ 39. Ke3 Rxh2 40. Bxb7 Ra2 41. Bxa6 Ra3+ 42. Kf2 Rxa4 43. Bc4 Kh6 44. Bxf7 Rd4 45. Be8 Rd1 46. Bb5 Rd5 47. Ba4 Ra5 48. Bd7 Bxd7 49. Rxd7 Rf5+ 50. Kg2 g5 51. Rd6+ Kg7 52. Ra6 g4 53. Ra4 h5 54. Ra6 Rf6 55. Ra7+ Kg6 56. Ra5 Rf5 57. Ra8 Kf6 58. Ra6+ Kg5 59. Ra8 1/2-1/2

[Event "Online Olym Div Top-A"]
[Site "Chess.com INT"]
[Date "2020.08.21"]
[Round "3.3"]
[White "Makwena, Christine"]
[Black "Sihite, Chelsie Monica"]
[Result "0-1"]
[WhiteElo "1653"]
[BlackElo "2252"]
[PlyCount "70"]
[EventDate "2020.08.21"]
[EventType "tourn (rapid)"]
[EventRounds "9"]
[EventCountry "USA"]
[SourceTitle "CBM 198"]
[Source "ChessBase"]
[SourceDate "2020.10.31"]
[SourceVersion "1"]
[SourceVersionDate "2020.10.31"]
[SourceQuality "1"]
[WhiteTeam "Zimbabwe"]
[BlackTeam "Indonesia"]
[WhiteTeamCountry "ZIM"]
[BlackTeamCountry "INA"]

1. d4 Nf6 2. Bg5 d5 3. Bxf6 exf6 4. e3 c6 5. Bd3 Bd6 6. Nf3 0-0 7. 0-0 a5 8. c3 Na6 9. Nbd2 f5 10. Qc2 Qf6 11. Rfe1 g5 12. Nf1 c5 13. Ng3 g4 14. Nd2 c4 15. Be2 h5 16. b3 h4 17. Ngf1 f4 18. exf4 Bf5 19. Qd1 Qg6 20. Ne3 Bxf4 21. Nxf5 Qxf5 22. Bxg4 Qg5 23. Nf1 Kh8 24. Bh3 Rg8 25. Qf3 Rg7 26. Ne3 Nc7 27. bxc4 dxc4 28. Nxc4 Nd5 29. Ne5 Nf6 30. Rab1 Rag8 31. Rb5 Qh6 32. Rxb7 Bxe5 33. dxe5 Nh7 34. Rxf7 Ng5 35. Qf4 Nxh3+ 0-1

[Event "Olympiad Women-43"]
[Site "Batumi"]
[Date "2018.09.27"]
[Round "4.29"]
[White "Makwena, Christine"]
[Black "Wafa, Shahenda"]
[Result "0-1"]
[WhiteElo "1626"]
[BlackElo "2129"]
[PlyCount "72"]
[EventDate "2018.09.24"]
[EventType "team-swiss"]
[EventRounds "11"]
[EventCountry "GEO"]
[SourceTitle "EXT 2020"]
[Source "ChessBase"]
[SourceDate "2019.10.17"]
[SourceVersion "1"]
[SourceVersionDate "2019.10.17"]
[SourceQuality "1"]
[WhiteTeam "Zimbabwe (W)"]
[BlackTeam "Egypt (W)"]
[WhiteTeamCountry "ZIM"]
[BlackTeamCountry "EGY"]

1. d4 Nf6 2. c4 e6 3. Nf3 b6 4. g3 Bb7 5. Bg2 c5 6. 0-0 Be7 7. Nc3 cxd4 8. Nxd4 Bxg2 9. Kxg2 0-0 10. Bf4 d6 11. Nf3 Nc6 12. Qd2 Qd7 13. Rfd1 Rfd8 14. Kg1 h6 15. a3 Na5 16. Qd3 Nb3 17. Rab1 e5 18. Be3 Qg4 19. Nd2 Nxd2 20. Rxd2 Bf8 21. f3 Qh3 22. Bf2 Rac8 23. b3 Nh7 24. e4 Ng5 25. Qe2 Qh5 26. Kg2 f5 27. exf5 Qh3+ 28. Kg1 Qxf5 29. Kg2 d5 30. Re1 d4 31. Nb1 Rc6 32. Qd3 Qh3+ 33. Kg1 Rf6 34. f4 exf4 35. Kh1 fxg3 36. Bxg3 Rf3 0-1

[Event "Olympiad Women-43"]
[Site "Batumi"]
[Date "2018.09.25"]
[Round "2.43"]
[White "Meddeb, Chadha"]
[Black "Makwena, Christine"]
[Result "0-1"]
[WhiteElo "1619"]
[BlackElo "1626"]
[PlyCount "42"]
[EventDate "2018.09.24"]
[EventType "team-swiss"]
[EventRounds "11"]
[EventCountry "GEO"]
[SourceTitle "EXT 2020"]
[Source "ChessBase"]
[SourceDate "2019.10.17"]
[SourceVersion "1"]
[SourceVersionDate "2019.10.17"]
[SourceQuality "1"]
[WhiteTeam "Tunisia (W)"]
[BlackTeam "Zimbabwe (W)"]
[WhiteTeamCountry "TUN"]
[BlackTeamCountry "ZIM"]

1. e4 e6 2. d4 d5 3. exd5 exd5 4. Bd3 Bd6 5. Nc3 c6 6. Qf3 Be6 7. Nge2 Ne7 8. Bg5 h6 9. Bh4 Qc7 10. 0-0-0 Nd7 11. Bxe7 Bxe7 12. h4 Bd6 13. Bf5 Bxf5 14. Qxf5 g6 15. Qf3 Nb6 16. Qf6 Rf8 17. Rd3 Kd7 18. Rf3 Rae8 19. Rhh3 Kc8 20. Nb5 cxb5 21. Rc3 Nc4 0-1

[Event "Africa-ch (Women)"]
[Site "Livingstone"]
[Date "2018.05.18"]
[Round "7"]
[White "Laubscher, Anzel"]
[Black "Makwena, Christine"]
[Result "0-1"]
[WhiteElo "1803"]
[BlackElo "1513"]
[PlyCount "82"]
[EventDate "2018.05.13"]
[EventType "swiss"]
[EventRounds "9"]
[EventCountry "ZAM"]
[SourceTitle "CBM 184 Extra"]
[Source "ChessBase"]
[SourceDate "2018.06.28"]
[SourceVersion "1"]
[SourceVersionDate "2018.06.28"]
[SourceQuality "1"]

1. e4 e6 2. d4 d5 3. e5 c5 4. Nf3 Nc6 5. Bd3 Bd7 6. 0-0 Qb6 7. Re1 cxd4 8. a3 Nge7 9. b4 Ng6 10. Bxg6 hxg6 11. Nbd2 a5 12. bxa5 Nxa5 13. Rb1 Qc7 14. Nxd4 Be7 15. N2f3 0-0 16. Ng5 Nc4 17. Ndf3 Nxa3 18. Bxa3 Rxa3 19. Qd2 Rc8 20. c4 dxc4 21. Qd4 Rxf3 22. Nxf3 b5 23. Ra1 Bc5 24. Qh4 Kf8 25. Qh8+ Ke7 26. Qxg7 Rf8 27. Ng5 Qb8 28. Red1 c3 29. Qf6+ Ke8 30. Ne4 Be7 31. Qf4 b4 32. Rac1 f6 33. Nd6+ Bxd6 34. exd6 Kf7 35. g4 g5 36. Qe4 Rh8 37. Rd4 Qb6 38. Rcd1 b3 39. Re1 c2 40. Qd3 b2 41. Qxc2 Qxd4 0-1

[Event "Africa-ch (Women)"]
[Site "Livingstone"]
[Date "2018.05.13"]
[Round "1"]
[White "Latreche, Khadidja"]
[Black "Makwena, Christine"]
[Result "1-0"]
[WhiteElo "1888"]
[BlackElo "1513"]
[PlyCount "81"]
[EventDate "2018.05.13"]
[EventType "swiss"]
[EventRounds "9"]
[EventCountry "ZAM"]
[SourceTitle "CBM 184 Extra"]
[Source "ChessBase"]
[SourceDate "2018.06.28"]
[SourceVersion "1"]
[SourceVersionDate "2018.06.28"]
[SourceQuality "1"]

1. e4 e6 2. Qe2 d5 3. exd5 Qxd5 4. Nc3 Qa5 5. Nf3 Nf6 6. g3 Be7 7. Bg2 0-0 8. 0-0 Nbd7 9. d4 c6 10. Bf4 Nd5 11. Nxd5 cxd5 12. h4 Qd8 13. Rfe1 Nf6 14. Ne5 Nd7 15. Nxd7 Qxd7 16. c4 dxc4 17. d5 Bb4 18. Red1 exd5 19. Bxd5 Qf5 20. Qxc4 Be7 21. Re1 Bf6 22. Bxf7+ Kh8 23. Rad1 Qa5 24. Bd6 Be6 25. Qxe6 Rac8 26. b4 Qa4 27. Qb3 Qb5 28. a4 Qc6 29. Bc5 Qc7 30. Be6 Rfd8 31. Rxd8+ Rxd8 32. Rd1 Rxd1+ 33. Qxd1 b6 34. Qd6 Qxd6 35. Bxd6 a5 36. bxa5 bxa5 37. Kf1 Bd4 38. Bc7 Bc3 39. Ke2 h6 40. h5 Kh7 41. Bf7 1-0